000
00358nam a2200133Ia 4500
003
GCL
008
140319s9999 xx 000 0 ara d
040
_a
GCL /
_c
GCL
082
0
4
_a
791.43
_b
س س
100
1
_a
سمير فريد
245
1
0
_a
سينما 65 /
_c
سمير فريد
300
_a
85 ص
490
_a
الهيئة العامة للاستعلامات
_v
0
999
_c
47585
_d
47585